01041 a2200193 4500003000500000005001700005010001700022020001800039020001800057040000900075082001600084100002100100245004500121250001300166260006300179300003900242505053100281650003500812Nust20260408161308.0 a 2008920736 a9788131734483 a9780132359238 cNust a621.381,FLO1 aFloyd, Thomas L.10aDigital fundamentals /cThomas L. Floyd. a10th ed. aUpper Saddle River, N.J. :bPearson/Prentice Hall,cc2011. axiv, 865 p. :bcol. ill. ;c29 cm. aIntroductory concepts (Page-1), Number systems,operations and codes (Page-45), Logic gates (Page-107), Boolean algebra and logic simplification (Page-172), Combinational logic analysis (Page-233), Functions of combinational logic (Page-285), Latches Flip Flops and Timers (Page-359), Counters (Page-416), Shift Register (Page-480), Memory and Storage (Page-525), Programmable Logic and Software (Page-590), Signal Interfacing and Processing (Page-677), Computer Concepts (Page-719), Integrated Circuits Technology (Page-769). 0aTelecommunication Engineering.